| 000 | 01716cam a22003015a 4500 | ||
|---|---|---|---|
| 001 | ocn882531076 | ||
| 003 | OSt | ||
| 005 | 20150615123356.0 | ||
| 008 | 140702t2015 caua fr 001 0 eng d | ||
| 020 | _a0133905659 | ||
| 020 | _a9780133905656 | ||
| 040 |
_aYDXCP _beng _cYDXCP _dEG-ScBUE |
||
| 082 | 0 | 4 |
_a006.686 _bWOO _222 |
| 100 | 1 |
_aWood, Brian _938168 |
|
| 245 | 1 | 0 |
_aAdobe Illustrator CC : _b2014 release / _cBrian Wood. |
| 260 |
_aCalifornia : _bAdobe Systems Incorporated : _b[Adobe Press] / Peachpit / Pearson Education, _cc.2015. |
||
| 300 |
_axiv, 465 p. : _bill. (col.) ; _c24 cm. |
||
| 490 | 0 | _aClassroom in a book | |
| 500 | _a"Classroom in a book : the official training workbook from Adobe." -- cover. | ||
| 500 | _aIndex : p. 452-464. | ||
| 505 | 0 | _aGetting started -- What's new in Adobe Illustrator CC (2014 release) -- A quick tour of Adobe® Illustrator® CC (2014 release) -- Getting to know the work area -- Techniques for selecting artwork - Using shapes to create artwork for a postcard -- Transforming artwork -- Creating an illustration with the drawing tools -- Using color and patterns to enhance signage -- Adding type to a poster -- Organizing your artwork with layers -- Blending colors and shapes -- Using brushes to create a poster -- Exploring creative uses of effects and graphic styles -- Creating a product mockup in perspective -- Using symbols to create a map -- Using Illustrator CC with other Adobe application -- Preparing content for the Web. | |
| 630 | 0 | 0 |
_aAdobe Illustrator (Computer file) _2BUEsh |
| 650 | 0 |
_aComputer graphics. _2BUEsh |
|
| 651 | _2BUEsh | ||
| 653 |
_bCOMAME _bCOMSCI _cJune2015 |
||
| 655 |
_vreading book _934232 |
||
| 942 |
_2ddc _k006.686 WOO |
||
| 999 |
_c19616 _d19588 |
||